Библиография Победы

“Убежден: опыт солидарности, партнерства в годы борьбы с общей угрозой — это наше бесценное наследие, прочная опора именно сейчас, когда набирает силу необратимое движение к более справедливому многополярному миру, основанному на принципах доверия и неделимой безопасности, равных возможностей для самобытного и свободного развития всех стран и народов.”

В.В. Путин

Труды НГТУ (Запись № 1057)

Подробности
000 -МАРКЕР
контрольное поле 34528nas1a22030371 4500
001 - ИДЕНТИФИКАТОР ЗАПИСИ
контрольное поле RU\NLR\INFOCOMM6\5000402288
005 - ИДЕНТИФИКАТОР ВЕРСИИ
контрольное поле 20250807185206.0
011 ## - МЕЖДУНАРОДНЫЙ СТАНДАРТНЫЙ НОМЕР СЕРИАЛЬНОГО ИЗДАНИЯ (ISSN)
Номер (ISSN) 1816-210X
035 ## - ДРУГИЕ СИСТЕМНЫЕ НОМЕРА
Идентификатор записи (NLR Aleph) 003154535
100 ## - ДАННЫЕ ОБЩЕЙ ОБРАБОТКИ
Данные общей обработки 20250807 rusy50
101 0# - ЯЗЫК РЕСУРСА
Язык текста, звукозаписи и т.д. русский
102 ## - СТРАНА ПУБЛИКАЦИИ ИЛИ ПРОИЗВОДСТВА
Страна публикации российская федерация
110 ## - ПОЛЕ КОДИРОВАННЫХ ДАННЫХ: ПРОДОЛЖАЮЩИЕСЯ РЕСУРСЫ
Кодированные данные продолжающегося ресурса ahuzz 0|y|
200 1# - ЗАГЛАВИЕ И СВЕДЕНИЯ ОБ ОТВЕТСТВЕННОСТИ
Основное заглавие Труды НГТУ
Первые сведения об ответственности Нижегор. гос. техн. ун-т
210 ## - ПУБЛИКАЦИЯ, РАСПРОСТРАНЕНИЕ И ДР.
Место издания, распространения и т.д. Н. Новгород
Имя издателя, распространителя и т. д. НГТУ
Дата издания, распространения и т.д. 1935 -
300 ## - ОБЩИЕ ПРИМЕЧАНИЯ
Текст примечания В надзаг. также: М-во образования Рос. Федерации
430 #0 - ПРОДОЛЖЕН
Встроенное поле 2001#$aТруды Горьковского индустриального института
-- 71002$3RU\NLR\AUTH\88$aГорьковский индустриальный институт
430 #0 - ПРОДОЛЖЕН
Встроенное поле 2001#$aТруды Горьковского политехнического института
-- 71002$3RU\NLR\AUTH\8813524$aГорьковский политехнический институт
510 1# - ПАРАЛЛЕЛЬНОЕ ЗАГЛАВИЕ
Параллельное заглавие Transactions of Nizhni Novgorod state technical university n.a. R. Y. Alexeev
Язык заглавия английский
510 1# - ПАРАЛЛЕЛЬНОЕ ЗАГЛАВИЕ
Параллельное заглавие Transactions of Nizhni Novgorod state technical university n.a. R.E. Alexeev
Язык заглавия английский
510 1# - ПАРАЛЛЕЛЬНОЕ ЗАГЛАВИЕ
Параллельное заглавие Transactions of NNSTU n.a. R.E. Alexeyev
Язык заглавия английский
510 1# - ПАРАЛЛЕЛЬНОЕ ЗАГЛАВИЕ
Параллельное заглавие Transactions of NNSTU n.a. R.E. Alekseev
Язык заглавия английский
512 1# - ЗАГЛАВИЕ ОБЛОЖКИ
Заглавие обложки Труды Нижегородского государственного технического университета
517 1# - ДРУГИЕ ВАРИАНТЫ ЗАГЛАВИЯ
Вариант заглавия Труды НГТУ им. Р.Е. Алексеева
517 1# - ДРУГИЕ ВАРИАНТЫ ЗАГЛАВИЯ
Вариант заглавия Труды ГПИ
517 1# - ДРУГИЕ ВАРИАНТЫ ЗАГЛАВИЯ
Вариант заглавия Труды Нижегородского государственного технического университета им. Р. Е. Алексеева
517 1# - ДРУГИЕ ВАРИАНТЫ ЗАГЛАВИЯ
Вариант заглавия Труды НГТУ
710 02 - НАИМЕНОВАНИЕ ОРГАНИЗАЦИИ - ПЕРВИЧНАЯ ОТВЕТСТВЕННОСТЬ
Начальный элемент ввода Нижегородский государственный технический университет
Идентификатор авторитетной/нормативной записи RU\NLR\AUTH\880617308
801 #2 - ИСТОЧНИК ЗАПИСИ
Страна российская федерация
Организация NLR
Дата составления 20070215
Источник данных rusmarc
801 #1 - ИСТОЧНИК ЗАПИСИ
Страна российская федерация
Организация InfoComm
Дата составления 20050819
801 #0 - ИСТОЧНИК ЗАПИСИ
Страна российская федерация
Организация NLR
Правила каталогизации PSBO
852 ## - МЕСТОНАХОЖДЕНИЕ И ШИФР ХРАНЕНИЯ
Идентификатор организации NLR
Шифр хранения (Call Number) П10/680
942 ## - ДОПОЛНИТЕЛЬНЫЕ ЭЛЕМЕНТЫ ЗАПИСИ (АБИС)
Тип экземпляра АБИС Журнал
945 ## - Информацию об издании предоставили:
Полное название организации, предоставившей материал Российская национальная библиотека
980 ## - КОЛЛЕКЦИЯ
Название коллекции Национальная библиография
980 ## - КОЛЛЕКЦИЯ
Название коллекции Библиография Победы
980 ## - КОЛЛЕКЦИЯ
Название коллекции Русская периодика

Нет доступных экземпляров.